000
00306nam a2200121Ia 4500
005
20251222141759.0
008
251222s9999||||xx |||||||||||||| ||spa||
082
_a
510/C86P
100
_a
Coveñas Naquiche, Manuel
245
0
_a
2001 Problemas de Razonamiento Matemático
264
_b
Coveñas
942
_c
LIB
999
_c
6095
_d
6095